Advances in Surface Treatments : Technology-Applications-Affects. Volume 1
Enregistré dans:
| Format: | Livre |
|---|---|
| Langue: | anglais |
| Publié: |
Oxford :
Pergamon Press,
1984
|
| Sujets: | |
| Accès en ligne: | OBSAH |
| Tags: |
Pas de tags, Soyez le premier à ajouter un tag!
|
MARC
| LEADER | 00000nam a22000003a 4500 | ||
|---|---|---|---|
| 001 | stu34194 | ||
| 005 | 20150408180851.5 | ||
| 008 | 920309s1984----uk------------------eng-d | ||
| 040 | |a STU |b slo | ||
| 041 | 0 | |a eng | |
| 044 | |a uk | ||
| 080 | |a 621.795 | ||
| 245 | |a Advances in Surface Treatments : |b Technology-Applications-Affects. Volume 1 | ||
| 260 | |a Oxford : |b Pergamon Press, |c 1984 | ||
| 300 | |a 257 s | ||
| 650 | 7 | |a úpravy povrchové |2 stusub | |
| 856 | 4 | |a https://sweb.mtf.stuba.sk/obsahy/advances_in_surface_treatments_84.pdf |u https://sweb.mtf.stuba.sk/obsahy/advances_in_surface_treatments_84.pdf |3 OBSAH | |
| 996 | |b 284M061644 |c M*372/1-1 |l MMKN |s A |a 24 |w stu34194_0001 | ||